[Event "Sofia MTel Masters 1st"]
[Site "Sofia"]
[Date "2005.05.16"]
[Round "5"]
[White "Ponomariov, Ruslan"]
[Black "Topalov, Veselin"]
[Result "1-0"]
[WhiteElo "2695"]
[BlackElo "2778"]
[Annotator "Ribli,Z"]
[PlyCount "79"]
[EventDate "2005.05.12"]
[EventType "tourn"]
[EventRounds "10"]
[EventCountry "BUL"]
[EventCategory "20"]
[SourceTitle "CBM 107"]
[Source "ChessBase"]
[SourceDate "2005.08.01"]
[SourceVersion "1"]
[SourceVersionDate "2005.08.01"]
[SourceQuality "1"]

1. d4 Nf6 2. c4 e6 3. Nf3 d5 4. g3 Bb4+ {Eine sehr populäre Variante in
Großmeisterturnieren; Schwarz stört die übliche weiße Entwicklung.} 5. Bd2 Be7
6. Bg2 O-O 7. O-O c6 8. Bf4 b6 9. Nc3 Ba6 (9... Bb7 10. Rc1 Nh5 11. Bxb8 (11.
Be3 Nf6 12. Qb3 Nbd7 13. cxd5 cxd5 14. Rc2 Nb8 15. Ne5 Nbd7 16. Nd3 Nb8 17. Nb4
Qd6 18. a3 Nc6 19. Nxc6 Bxc6 20. Rfc1 Qd7 $11 {1/2-1/2 Sakaev,K-Sargissian,G/
Moscow 2005/(25)}) 11... Qxb8 $5 (11... Rxb8 12. Ne5 a6 $5 13. cxd5 cxd5 14.
Na4 Nf6 15. Qb3 Ba8 16. e3 Nd7 17. Nd3 a5 $1 {1/2-1/2 Roiz,M-Macieja,B/Cesme
92/(470) 2004/Inf 92/[Roiz,M] (25)}) 12. Ne5 Nf6 13. e3 Rd8 14. cxd5 cxd5 15.
f4 g6 16. g4 Nd7 17. Qe1 {1/2-1/2 Khalifman,A-Adams,M/Izmir 2004/CBM 104}) 10.
cxd5 cxd5 11. Rc1 Nc6 $5 $146 {[%mdl 4] Eine interessante Neuerung - Schwarz
fürchtet nicht den Bauernverlust.} (11... Qe8 12. Ne5 Bb7 13. Qa4 Qxa4 14. Nxa4
Na6 15. a3 Rac8 16. Nc3 Nc7 17. Nd3 Nfe8 18. Rfd1 Nd6 $11 {1/2-1/2 Sosonko,
G-Karpov,A/Brussels 1987/CBM 02 (52)}) (11... Bb7 12. Nb5 a6 (12... Nc6 13. Ne5
Nxe5 14. dxe5 Ne4 15. Bxe4 dxe4 16. Qxd8 Bxd8 17. Rfd1 a6 18. Nd6 Bd5 19. a3 f6
20. Rc3 b5 21. h4 {1/2-1/2 Sturua,Z-Rodriguez Cespedes,A/Yerevan 1996/EXT 97 
(65)}) 13. Nc7 Ra7 14. Qa4 Ne4 15. Nb5 Ra8 16. Nc3 b5 17. Qd1 Nc6 18. Ne5 {
1/2-1/2 Prusikin,M-Gyimesi,Z/Miskolc 2004/(18)}) 12. Nxd5 {Das ist die
konsequente Fortsetzung.} (12. Qa4 Bb7 $11) 12... Qxd5 13. Ne5 {[%cal Rg2a8]}
Nxd4 $8 14. Bxd5 Nxe2+ 15. Qxe2 $1 {Weiß muss die Dame zurückgeben, sonst
gerät er in eine zu passive Stellung.} (15. Kh1 $6 Nxd5 16. Qa4 Bb7 17. Qd7
Rab8 $40) 15... Bxe2 16. Bxa8 Rxa8 $1 (16... Bxf1 17. Rc7 $1 $16) 17. Rfe1 Bb5
18. Rc2 $1 {[%cal Ge1c1,Gc1c8]} Nd5 $13 {Schwarz hat zwei Bauern für die
Qualität und das Läuferpaar. Anderseits besitzt Weiß seine zwei Türme und wenn
er in die schwarze Stellung eindringen kann, sind seine Gewinnaussichten
besser.} 19. Rec1 Bc5 {[%csl Gc5]} 20. Bd2 f6 $5 {Schwarz spielt auf Gewinn -
im Falle von 20...a5 hätte Schwarz das Remis erreichen können.} (20... a5 21.
Rxc5 bxc5 22. Rxc5 Rb8 23. Bxa5 f6 24. Nf3 Be2 $11) 21. b4 $1 Bf8 (21... Nxb4
22. Bxb4 Bxb4 23. Rc8+ Rxc8 24. Rxc8+ Bf8 25. Nc6 Bxc6 (25... a5 26. Nd8 $1)
26. Rxc6 $14) (21... Bxb4 22. Bxb4 fxe5 23. Rc8+ Rxc8 24. Rxc8+ Kf7 25. Bd6 e4
26. Be5) 22. Ng4 Rd8 $6 (22... Nxb4 23. Rc8 Rxc8 24. Rxc8 Nxa2 25. Nxf6+ gxf6
26. Bh6 $16) (22... Bxb4 23. Bxb4 Nxb4 24. Rc8+ Rxc8 25. Rxc8+ Kf7 26. Rc7+ Kg6
27. Rxa7 $16) (22... Kf7 $142) 23. Rc8 $14 Rd7 24. Nh6+ $1 {[%mdl 64] Ein
wirklich unerwartetes Springeropfer.} gxh6 25. Bxh6 Rf7 26. Rd8 {[%csl Rf7,Rf8,
Rg8] Die schwarzen Figuren sind gefesselt.} Ne7 {[%cal Ge7g6]} (26... Ba6 27.
b5 Bb7 (27... Bxb5 28. Rcc8 $18) 28. Rb8 $22) 27. Rc7 {Droht 28.Rxe7 Rxe7 29.
Rxf8#.} Ng6 28. Rcc8 e5 29. f4 $1 {[%cal Rf4f5,Rf5g6]} (29. f3 Bd7 30. Rb8 Bh3
$8 {Sonst kommt Weiß mit 31.h4 und 32.h5.}) 29... Bd7 (29... exf4 30. gxf4 f5
31. Kf2 (31. h4 Be2) 31... Bd7 (31... Ba6 32. Rb8 $18) 32. Rb8 $18 {[%cal
Rh2h4,Rh4h5]}) 30. Ra8 Bh3 {Der Läufer muss den h-Bauern blockieren.} 31. Kf2
b5 (31... Bf5 32. h4 Bg4 33. h5 Bxh5 34. f5 $18) (31... e4 32. a4 $1 f5 33. a5
bxa5 34. bxa5 Bg4 35. a6 $1 Bh3 36. Ke3 Bg4 (36... Bf1 37. h4) 37. Rdb8 Bh3 38.
Rb7 $18 {[%csl Ra7]}) 32. Rdb8 $22 {Schwarz befindet sich in Zugzwang.} exf4
33. gxf4 Bd7 34. h4 {[%csl Rf8][%cal Rh4h5,Rh5g6,Ra8g8]} Bc6 35. h5 Bxa8 36.
hxg6 hxg6 37. Rxa8 $22 $18 {Schwarz hat einen Bauern mehr, aber steht auf
Verlust, ihm bleiben nur einige Bauernzüge.} f5 38. Kg3 a6 39. Kh4 Rg7 40. Kg5
$1 {[%csl Ga8,Rf8,Gg5,Rg7,Rg8,Gh6]} 1-0

[Event "Capablanca Memorial Elite 32nd"]
[Site "Cienfuegos"]
[Date "1997.05.12"]
[Round "6"]
[White "Borges Matos, Juan R"]
[Black "Schlosser, Philipp"]
[Result "0-1"]
[WhiteElo "2500"]
[BlackElo "2560"]
[Annotator "Ribli,Z"]
[PlyCount "114"]
[EventDate "1997.05.05"]
[EventType "tourn"]
[EventRounds "11"]
[EventCountry "CUB"]
[EventCategory "12"]
[SourceTitle "CBM 059"]
[Source "ChessBase"]
[SourceDate "1997.08.01"]
[SourceVersion "1"]
[SourceVersionDate "1997.08.01"]
[SourceQuality "1"]

1. Nf3 Nf6 2. c4 c5 3. g3 d5 4. cxd5 Nxd5 5. Bg2 Nc6 6. d4 e6 (6... cxd4 {
In dieser Zugfolge kann Schwarz sofort ausgegleichen, aber ich glaube, der
deutsche Spieler wollte eine kompliziertere Variante spielen. Ribli.} 7. Nxd4
Ndb4 8. Nxc6 Qxd1+ 9. Kxd1 Nxc6 10. Bxc6+ bxc6 {[%csl Rc6] In dieser Stellung
hat Schwarz einen schwachen Bauern auf c6, aber sein Läuferpaar kompensiert
diesen Nachteil. Der weiße Traum ist bei dieser Bauernstruktur ein Endspiel
mit Nc5 gegen Bc8. Ribli.}) 7. O-O Be7 (7... cxd4 8. Nxd4 Be7 9. Nxc6 bxc6 $14
{[%csl Rc6] Schwarz hat einen aktiven Springer auf d5, aber eine Schwäche auf
c6. Weiß steht etwas besser und strebt ein Endspiel an. Ribli.}) 8. dxc5 Bxc5
9. a3 (9. Qc2 Qe7 (9... Be7 10. Rd1 Qb6 11. a3 O-O 12. e4 Nf6 13. Be3 Qa5 14.
Nc3 Ng4 15. Bf4 Bc5 16. Rf1 Nd4 17. Qd1 Nxf3+ 18. Qxf3 e5 19. b4 Bxf2+ 20. Rxf2
Qb6 21. Bd2 f5 22. Nd5 Qxf2+ 23. Qxf2 Nxf2 24. Kxf2 Be6 25. Nc7 Rad8 26. Bg5 {
Ribli,Z-Pomar Salamanca,A/Las Palmas 1974/1-0 (45)}) 10. a3 a5 (10... O-O 11.
b4 Bb6 12. Bb2 Bd7 13. Nc3 Nxc3 14. Bxc3 Rfc8 15. Rfd1 Rc7 16. Qd2 {1-0 Ribli,
Z-Unzicker,W/BL8586 1986 (34)}) 11. Nbd2 Nc7 12. Ne4 (12. e4 Nb5 {[%csl Rd4]})
12... Ba7 13. Rd1 {[%csl Rd6]} O-O 14. Nd6 f6 15. Nxc8 Raxc8 16. Bd2 Kh8 17. e3
$14 {Horvath,Jo-Csiszar,Cs/Zalakaros 1996. Weiß hat einen kleinen Vorteil, er
hat das Läuferpaar und eine feste Stellung. Schwarz hat einige Schwächn am
Damenflügel. Ribli.}) 9... O-O 10. Qc2 (10. b4 $5 Bb6 11. Bb2 Qe7 12. e4 Nf6
13. e5 Nd5 14. Nbd2 Rd8 15. Qe2 Bd7 16. Ne4 Bc7 17. Rfd1 Rac8 18. Rac1 Bb8 19.
Rc4 Be8 20. Rdc1 a6 21. h4 Na7 22. Rxc8 Rxc8 23. Rxc8 Nxc8 24. Neg5 Ncb6 25.
Nxh7 {[#]} Kxh7 26. Ng5+ Kg8 27. Qh5 Qc7 28. Bd4 Nd7 29. Bxd5 exd5 30. Qh7+ Kf8
31. e6 {1-0 Ribli,Z-Unzicker,W/BL9495 1995}) 10... Bb6 $5 {Nach meiner Meinung
ist das eine interessante Idee. Der schwarze Läufer steht aktiv auf b6. Ribli.}
(10... Be7 11. Rd1 $14) 11. Rd1 (11. Nbd2 $5 {[%cal Rd2c4]}) (11. Nbd2 Qe7 12.
Nc4 Bc7 13. b4 Nb6 {Todorcevic,M-Permuy,C/La Coruna TH op 1995/1/2-1/2 (59)})
11... Bd7 (11... Qe7 12. b4 Qc7 (12... Bd7 13. Bb2 Rac8 14. Qb3 Rfd8 15. Nbd2
Be8 16. Nc4 Bc7 17. Rac1 {Kandyba,L-Kron,V/URS-sf Voronez 1991/1-0 (59)}) 13.
Bb2 Ne5 14. Qe4 Nxf3+ 15. Bxf3 {1-0 Marin,M-Rea Villalba,R/Sevilla op 1994 (27)
}) 12. e4 {Weiß kann den Springer auf d5 mit Tempo vertreiben. Allerdings wird
nun der Punkt d4 schwach. Ribli.} (12. Nbd2 $2 Bxf2+ 13. Kxf2 Qb6+ 14. Ke1 Ne3
$19) 12... Nde7 13. Nc3 (13. Bf4 $14 {[%csl Rd6]}) 13... e5 14. Be3 $5 {
Weiß muß den gefährlichen Läufer tauschen. Die Doppelbauern kontrollieren alle
wichtige Punkte im Zentrum. Ribli.} Bxe3 15. fxe3 {[%csl Yd4,Yd5]} Qc8 16. Nd5
{[%csl Gd5]} Bg4 (16... Nxd5 $2 17. exd5 {[%csl Re5]}) 17. Rac1 Rd8 18. b4 Nxd5
(18... a6 $2 19. Nb6) 19. exd5 Ne7 20. Qd3 (20. e4 Qxc2 21. Rxc2 f5 22. h3 fxe4
23. hxg4 exf3 24. Bxf3 Nc8 $13 {[%cal Rc8d6]}) (20. Qe4 Qf5 $11) 20... Qf5 $8
21. e4 Qf6 {Weiß hat einen starken Zentrumsbauern auf d5, aber Schwarz kann
ihn später mit Nc8-d6 blockieren. Anderseits besitzt der weiße "katalanische
"Läufer auf g2 wenig Wirkung. Ribli.} 22. Rf1 Bxf3 $1 {Eine gute strategische
Entscheidung. Schwarz gibt seinen Läufer auf, um das weiße Springermanöver
Nd2-c4 zu verhindern. In den folgenden Zügen kann Schwarz den weißen d-Bauern
mit dem Springer blockieren und erlangt eine feste Stellung. Ribli.} 23. Bxf3
Nc8 {[%csl Gd6]} 24. Rc5 Nd6 25. Bg4 $13 {Das ist eine leere Diagonale,aber
Weiss kann die moegliche Rc8 vermeiden.Ribli.} Qg5 26. Bf5 Re8 (26... Nxf5 $2 {
Das wäre ein strategischer Fehler. Ribli.} 27. Rxf5 $14) 27. h4 $6 {Diese Zug
gefällt mir gar nicht. Weiß schwächt nur seine Königsstellung für nichts.
Ribli.} (27. Kg2) 27... Qd8 28. Bh3 Qb6 29. Bg2 a5 $1 $15 {[%cal Ya8a2] Mit
diesem Zug, der seinen Turm aktiviert, übernimmt Schwarz die Führung der
Partie. Ribli.} 30. Rb1 {[%cal Yb6g1]} axb4 31. axb4 Ra2 {[%csl Ga2][%cal
Ya2h2]} 32. Kh1 h5 $1 {[%csl Rg4] Schwarz hat Positionsvorteil.Mit diesem Zug
er befestigt der Punkt g4.Ribli.} 33. Rc2 Ra4 34. Qc3 $2 (34. Qb3 Rea8 $15)
34... Rc8 $17 35. Qxc8+ {Weiß ist strategisch verloren. Mit diesem Zug
versucht er im Trüben zu fischen. Ribli.} (35. Qd2 Rxc2 36. Qxc2 Rxb4 37. Rxb4
Qxb4 $17 {[%csl Gd6,Rg2] Obwohl Schwarz nur einen Bauern mehr hat, ist der
Vorteil ganz einfach zu realisieren. Das Zusammenspiel der Dame mit dem
Springer plusVormarsch des b-Bauern garantieren früher oder später den
schwarzen Gewinn. Ribli.}) 35... Nxc8 36. Rxc8+ Kh7 37. Rf1 Rxb4 38. Rxf7 Rb1+
39. Rf1 (39. Kh2 Qg1+ 40. Kh3 Rb2 $19) 39... Rxf1+ 40. Bxf1 Qb1 41. Kg1 Qxe4 {
Weiß hat nur - als letzte Hoffnung - den Bauern d5. Wenn er diesen Bauern
vorziehen kann, wäre das eine wirkliche Gefahr für Schwarz. Andererseits hat
Schwarz eine sehr aktive, wirksame Dame im Zentrum. Ribli.} 42. Bg2 (42. d6
Qd4+ $19) 42... Qg4 {[%cal Rg4c8,Rg4g3]} 43. Rc1 (43. Rc3 Qd4+ $19) 43... Qxg3
44. Rd1 (44. d6 Qe3+ $19) 44... Qg4 (44... Qxh4 45. d6) 45. Rd3 (45. Rd2 Qxh4
46. d6 Qe1+ $19) 45... Qc4 (45... e4 46. Rd4 {[%csl Re4]}) 46. Re3 (46. Rd1 Qe2
) 46... Qd4 47. Kf2 Qxh4+ 48. Ke2 Qc4+ 49. Kf2 Qd4 50. Ke2 b5 $19 {Schwarz hat
noch drei Mehrbauern, und der weiße d-Bauer kann immer noch nicht vorrücken.
Ribli.} 51. Rd3 Qc4 52. Ke3 (52. d6 e4 $19) 52... Qc5+ 53. Ke2 Qd6 54. Be4+ g6
55. Rc3 Qb4 (55... b4 $6 56. Rc6 {[%csl Rg6]}) 56. Rc7+ Kh6 57. Ke3 Qe1+ (57...
Qe1+ 58. Kf3 (58. Kd3 Qf2 $19) 58... Qd2 $19) 0-1

[Event "EU-Cup 33rd"]
[Site "Antalya"]
[Date "2017.10.14"]
[Round "7.3"]
[White "Roiz, Michael"]
[Black "Danchevski, Orce"]
[Result "1-0"]
[WhiteElo "2604"]
[BlackElo "2367"]
[Annotator "Roiz,M"]
[PlyCount "49"]
[EventDate "2017.10.08"]
[EventType "team-swiss"]
[EventRounds "7"]
[EventCountry "TUR"]
[SourceTitle "CBM 181"]
[Source "ChessBase"]
[SourceDate "2017.11.10"]
[SourceVersion "1"]
[SourceVersionDate "2017.11.10"]
[SourceQuality "1"]
[WhiteTeam "Beer Sheva"]
[BlackTeam "Gambit Aseko See"]
[WhiteTeamCountry "ISR"]
[BlackTeamCountry "MKD"]

1. Nf3 d5 {My opponent has more experience in various KID systems, but this
move didn't came as a real susrprise.} 2. g3 {A decade ago, the Reti occupied
a major part in my opening repertoire. Nowadays, almost all the top players
have experience with this somewhat ''modest'' move.} c5 3. Bg2 Nf6 4. O-O Nc6
5. d4 e6 {A solid choice.} ({Another interesting option is:} 5... cxd4 6. Nxd4
e5 7. Nxc6 bxc6 8. c4 Be6 {- The resulting reversed Grünfeld doesn't
guarantee White any advantage, even though the extra tempo is significant.}) 6.
c4 Be7 (6... dxc4 {would transpose to one of major systems of the Catalan.}) 7.
dxc5 (7. cxd5 exd5 {leads to the Classical Tarrasch.}) 7... Bxc5 ({In the
event of} 7... O-O 8. cxd5 exd5 9. Be3 {it would be not easy for Black to
regain the pawn. For instance,} Ng4 10. Bd4 Nxd4 11. Qxd4 Be6 12. Nbd2 Bf6 13.
Qb4 $16 {Andreikin,D - Robson,R Moscow RUS 2012}) 8. a3 $5 {This time I didn't
want to release the tension in the centre and unlock the diagonal for my
opponent's light-squared bishop. Obviously, White's main idea is seizing a
space on the q-side and completing development of all the queenside pieces.}
O-O ({After} 8... dxc4 9. Qa4 {White manages to regain the pawn and keep some
pressure along the long diagonal:} O-O 10. Qxc4 Be7 11. Nc3 e5 12. Rd1 Be6 13.
Qb5 Qb8 (13... Qc7 14. Be3 Rad8 15. Ng5 Bd7 16. Qd3 $14 {Lysyj,I - Kachar,V
Voronezh 2004}) 14. Bg5 Qc7 15. Bxf6 Bxf6 16. Ne4 Be7 17. Nc5 Bxc5 18. Qxc5 $14
{Piorun,K - Berelowitsch,A Dresden GER 2014}) (8... a5 9. cxd5 exd5 {is well
met by} 10. Qc2 $1 {, making the d1-square vacant for the rook:} Bb6 11. Bg5 h6
12. Bxf6 Qxf6 13. Nc3 Be6 14. Qb3 $1 Qd8 15. Rfd1 d4 16. Qb5 O-O 17. Na4 Ra6
18. Rac1 $16 {Bogdanovich,S - Kovalevskaya,E Moscow RUS 2015}) 9. b4 Be7 10.
Bb2 $6 {This inaccurate move enables Black to enter into favourable
complications.} ({A better way of handling the position seems to be} 10. Nbd2
$1 b6 11. Bb2 Bb7 12. Rc1 Rc8 13. cxd5 Nxd5 14. e4 Nc7 15. Qb3 Qd7 16. Nc4 $36
{Postny,E - Gindi,S Leiden NED 2015}) 10... Bd7 $6 {Returning the favour! Now
Black is doomed to a passive defence in an unpleasant position - the Bd7 is
still clearly misplaced!} ({Much more challenging was} 10... dxc4 $1 11. Nbd2 (
{In case of} 11. Qc2 Bd7 {The vulnerable location of White's queen allows
Black to fully consolidate:} 12. Qxc4 b5 $1 13. Qd3 Qb6 14. Nbd2 Rfd8 15. Rac1
Rac8 $11 {Raspor,G - Susnik,M Kranj SLO 1999}) 11... Qc7 $1 12. Rc1 (12. Nxc4
Nxb4 13. axb4 Qxc4 14. Ne5 {offers White sufficient compensation for a pawn,
but hardly more.}) 12... b5 13. Ne5 Nxe5 $1 ({But not} 13... Nd5 $2 14. Ndxc4
bxc4 15. Rxc4 Qxe5 16. Bxe5 Nxe5 17. Bxd5 exd5 18. Qxd5 Nxc4 19. Qxa8 Nxa3 20.
Qxa7 Bxb4 21. Qa4 Be7 22. Ra1 $18 {Kraai,J - Akobian,V Tulsa 2008}) 14. Bxa8
Ned7 15. Bg2 Bb7 {with very double-edged play.}) 11. Nbd2 Rc8 12. Rc1 Nb8 $146
{Obviously, this awkward retreat shouldn't make Black's position harmonious.
However, Orce was desperately looking for any counterplay.} ({The previously
played} 12... a6 {is hardly much better:} 13. Nb3 dxc4 14. Rxc4 Nb8 15. Rxc8
Qxc8 16. Qb1 Bc6 17. Rc1 $36 {Kengis,E - Ginsburg,G Zurich SUI 2003}) 13. Ne5 {
The knight's move looks most tempting,} ({Though} 13. Qb3 $5 {was also good
enough:} dxc4 14. Nxc4 Bc6 15. Rfd1 Bd5 16. Nfe5 Qe8 17. h4 $16) 13... a5 $6 {
This natural move was played rapidly, but it turns out to be a decisive
mistake!} ({Black should rarher have chosen} 13... Bc6 14. Nxc6 bxc6 15. Nb3
$16) (13... Be8 14. Qb3 Nbd7 15. Rfd1 $16 {- White is much better in both
cases, but lots of play lie ahead.}) 14. b5 {The pawn structure which arises
leaves no good prospects for the Bd7.} Be8 {This move makes a poor impression,
but Black lacks any other adequate ideas.} 15. a4 Nbd7 16. Nxd7 Bxd7 ({There
was no hope after} 16... Nxd7 17. cxd5 Rxc1 18. Bxc1 exd5 19. Nb3 Nf6 20. e4 $1
Nxe4 21. Bxe4 dxe4 22. Qxd8 Bxd8 23. Ba3 $18) 17. cxd5 $6 {This natural
exchange could have spoiled the lion's part of my positional advantage.} ({
A much stronger move was} 17. e4 $1 dxe4 (17... Bb4 18. Qe2 dxc4 19. Nxc4 $18)
18. Nxe4 Nxe4 19. Bxe4 b6 20. Qd3 f5 21. Bf3 Qc7 22. Rfd1 Rcd8 23. Qe3 Bc8 24.
Be5 Qc5 25. Qc3 $18) 17... Nxd5 $2 {This move loses on the spot.} ({The correct
} 17... exd5 $1 18. Nb3 Rc4 $1 19. Bxf6 (19. Rxc4 dxc4 20. Bxf6 Bxf6 21. Nc5
Bc8 $16) 19... Bxf6 20. Qxd5 Rxc1 21. Rxc1 b6 $16 {would make White's
technical task much tougher.}) 18. Nc4 $1 $18 {Now Black is almost paralysed.}
b6 ({Or} 18... Bb4 19. e4 Nc3 20. Bxc3 Rxc4 21. Bxb4 Rxb4 22. e5 $18) 19. Qd2 {
Everything is simple - all White's pieces are getting active, whereas Black is
stuck with a poor Bd7.} Bc5 20. Rfd1 Rc7 ({The more natural} 20... Qe7 {
runs into} 21. e4 Nf6 22. Bxf6 Qxf6 23. e5 $1 ({Only not} 23. Qxd7 $2 Rfd8 24.
Qb7 Bxf2+ 25. Kh1 Rxc4 $19) 23... Qf5 24. Qxd7 Bxf2+ 25. Kh1 $18 {, and White
is a major piece up.}) 21. Be5 Ra7 22. Bd4 {Exchanging the only defender of
Black's position.} Qe7 23. Bxc5 bxc5 ({After} 23... Qxc5 {White would have a
wide choice of winning possibilities, such as} 24. e4 ({Or} 24. Bxd5 exd5 25.
Ne3 Qd6 26. Nxd5 $18) 24... Nf6 25. e5 Nd5 26. Ne3 Qa3 27. Bxd5 exd5 28. Nxd5
$18) 24. e4 Nb4 25. Qd6 {Black ran out of time, but the position is absolutely
lost anyway.} 1-0